Statistics for Biggest College basketball NCAA Tournament upsets

Click here to take the quiz!

General Stats

  • This quiz has been taken 483 times
    (98 since last reset)
  • The average score is 15 of 57

Answer Stats

Hint Answer % Correct
2018 first, VirginiaUMBC
76%
2018 first MiamiLoyola Chicago
48%
1991 UNLV Final FourDuke
45%
1985 Georgetown FinalVIllanova
45%
2019 First round, Kansas stateUC Irvine
43%
2011 Kansas elite 8VCU
43%
2016 First round Michigan StateMiddle Tennessee
40%
2006 UConn elite 8George Mason
40%
2017 first round MinnesotaMiddle Tennessee
40%
2018 first, ArizonaBuffalo
40%
2012 Duke First RoundLehigh
37%
2014 Villanova, MSU, FloridaConnecticut
37%
2019 First round Miss StateLiberty
36%
2013 Georgetown First RoundFlorida Gulf Coast
35%
1983 Houston FinalNC State
34%
2015 2nd Round VillanovaNC State
34%
1999 Duke FinalUconn
33%
2018 2nd Michigan StateSyracuse
33%
2017 2nd Florida StateXavier
33%
2017 8, baylorSouth Carolina
30%
2016 First Round, BaylorYale
30%
2015 First Round SMUUCLA
30%
2013 New Mexico First RoundHarvard
29%
1996 UCLA First roundPrinceton
29%
1997 Kentucky, ChampionshipArizona
27%
2014 2nd Wichita StateKentucky
27%
2018 first WichitaMarshall
25%
1966 Kentucky FinalUTEP Texas Western
25%
2018 2nd XavierFlorida State
24%
2018 2nd CincinattiNevada
24%
2010 Kansas 2nd roundNorthern Iowa
24%
2014 First round Ohio StateDayton
22%
1988 Notre Dame First RoundArkansas Little Rock
22%
2015 First Round BaylorGeorgia State
22%
1998 Ole Miss First RoundValparaiso
22%
2015 First Round Iowa StateUAB
20%
2014 First Round DukeMercer
20%
2014 2nd round KansasStanford
19%
2014 First round OklahomaNorth Dakota State
19%
2014 First round VCUStephen F Austin
19%
2001 Iowa State First RoundHampton
18%
1993 Arizona First RoundSanta Clara
18%
1991 Syracuse First roundRichmond
18%
1984, Auburn First Roundrichmond
18%
2012 Missouri First RoundNorfolk State
17%
1972 UNC 2nd RoundPenn
17%
2008 Georgetown 2ndDavidson
14%
2016 First round CaliforniaHawaii
14%
2005 Kansas first roundBucknell
13%
1986 Kentucky Elite 8LSU
12%
1997 South Carolina First RoundCoppin State
12%
1994 UNC 2nd roundBoston College
12%
1999 North Carolina First RoundWeber State
12%
2016 First Round, PurdueArkansas Little Rock
11%
1986 Indiana First RoundCleveland State
10%
1987 Illinois First RoundAustin Peay
7%
2016 2nd round UtahGonazga
0%

Score Distribution

Percentile by Number Answered

Percent of People with Each Score

Your Score History

You have not taken this quiz since the last reset